|
|
|
|
| LEADER |
01778nam a2200253 a 4500 |
| 001 |
311508 |
| 008 |
090714s1995 enk b 001 0 eng d |
| 010 |
|
|
|a 73167078
|
| 020 |
|
|
|a 0140622908
|
| 020 |
|
|
|a 9780140622096
|
| 040 |
|
|
|a DLC
|c DLC
|d DLC
|
| 082 |
0 |
0 |
|a 821/.8/09
|
| 245 |
0 |
0 |
|a Victorian poetry/
|c Selected by Paul Driver.
|
| 260 |
|
|
|a London :
|b Edward Arnold, ;
|b Penguin Books,
|c 1995
|
| 300 |
|
|
|a 304 p. ;
|c 18 cm.
|
| 490 |
1 |
|
|a Stratford-upon-Avon studies,
|v 15
|
| 504 |
|
|
|a Includes bibliographies.
|
| 505 |
0 |
|
|a Gent, M. "To flinch from modern varnish": the appeal of the past to the Victorian imagination.--DeLaura, D. J. Matthew Arnold and the nightmare of history.--Harper, J. W. "Eternity our due": time in the poetry of Robert Browning.--Hunt, J. D. The poetry of distance: Tennyson's Idylls of the King.--Buckley, J. H. Pre-Raphaelite past and present: the poetry of the Rossettis.--Ellison, R. C. "The undying glory of dreams": William Morris and the "Northland of old."--Preyer, R. "The fine delight that fathers thought.": Gerard Manley Hopkins and the Romantic survival.--Goldman, A. The oeuvre takes shape: Yeats early poetry.--Miller, J. H. History as repetition in Thomas Hardy's poetry: the example of "Wessex heights."--Sage, L. Hardy, Yeats, and tradition.--Peckham, M. Afterword: reflections on historical modes in the nineteenth century.
|
| 541 |
1 |
|
|e 00011855
|
| 650 |
|
0 |
|a English poetry
|y 19th century
|x History and criticism.
|
| 700 |
1 |
|
|a Driver, Paul.
|
| 852 |
4 |
|
|a Ayesha Abed Library
|j General shelf
|
| 999 |
|
|
|c 2408
|d 2408
|
| 952 |
|
|
|0 0
|1 0
|2 ddc
|4 0
|6 821_809000000000000_DRI_1996
|7 0
|9 2227
|a BRACUL
|b BRACUL
|c GEN
|d 2009-07-14
|g 0.00
|l 10
|m 104
|o 821.809 DRI
|p 3010011855
|r 2026-04-12
|s 2026-03-01
|t 1
|w 2009-07-14
|y BK
|x No price found in the accession register.
|